Loading...
| Science - Physics | 0 | 9 | 0 | 1 | 90 | 28 | 50.78 | 4 | 8 | 47.66 | 75.00 |
| Science - Other | 0 | 7 | 1 | 2 | 65 | 24 | 67.14 | 1 | 4 | 29.48 | 36.61 |
| Literature - European | 0 | 5 | 1 | 0 | 45 | 78 | 88.40 | 1 | 5 | 10.49 | 41.07 |
| Science - Biology | 0 | 4 | 0 | 2 | 40 | 59 | 74.00 | 0 | 0 | 11.73 | 15.36 |
| Mythology | 0 | 5 | 2 | 1 | 40 | 44 | 71.80 | 0 | 3 | 17.91 | 33.75 |
| Science - Chemistry | 0 | 6 | 4 | 1 | 40 | 17 | 53.67 | 3 | 4 | 27.40 | 51.25 |
| Fine Arts - Other | 0 | 4 | 0 | 0 | 40 | 40 | 75.25 | 1 | 2 | 14.00 | 22.32 |
| Literature - British | 0 | 4 | 0 | 0 | 40 | 21 | 69.00 | 1 | 3 | 11.05 | 18.21 |
| Religion | 0 | 4 | 1 | 0 | 35 | 36 | 63.25 | 1 | 1 | 18.13 | 25.00 |
| Social Science | 0 | 3 | 0 | 0 | 30 | 46 | 71.67 | 1 | 2 | 11.49 | 25.45 |
| Philosophy | 0 | 2 | 0 | 0 | 20 | 74 | 88.00 | 1 | 2 | 4.84 | 23.44 |
| Literature - World | 0 | 2 | 0 | 0 | 20 | 63 | 86.00 | 0 | 1 | 4.32 | 7.50 |
| Fine Arts - Painting and Sculpture | 0 | 2 | 1 | 0 | 15 | 95 | 108.00 | 0 | 1 | 1.88 | 8.75 |
| History - European | 0 | 1 | 0 | 0 | 10 | 109 | 109.00 | 0 | 0 | 0.09 | 1.32 |
| Geography | 0 | 1 | 0 | 0 | 10 | 31 | 31.00 | 0 | 1 | 14.46 | 17.50 |
| History - American | 0 | 1 | 0 | 0 | 10 | 64 | 64.00 | 0 | 1 | 41.82 | 75.00 |
| Literature - American | 0 | 1 | 0 | 0 | 10 | 60 | 60.00 | 0 | 1 | 9.83 | 17.50 |
| Popular Culture | 0 | 1 | 0 | 0 | 10 | 46 | 46.00 | 0 | 1 | 12.40 | 15.00 |
| Fine Arts - Classical Music | 0 | 1 | 1 | 0 | 5 | 101 | 101.00 | 0 | 0 | 0.98 | 1.25 |
| History - World | 0 | 0 | 0 | 0 | 0 | 0.00 | 0 | 0 | 0.00 | 0.00 | |
| History - Other | 0 | 0 | 1 | 0 | -5 | 0.00 | 0 | 0 | 0.00 | 0.00 |